00798nam a2200205 a 450000100100000000500170001000800410002704000250006808200200009310000340011324500510014726000390019830000250023759000260026265000280028865000310031691000380034795201900038599900170057500003310120240412074257.0110817s1993 dr a r 000 p spa d aDO-SdBNPbspacBNPHU aRD861.44bD542t1 aDíaz Carela, Cecilio91025610aTira Pulla electoral /cCecilio Díaz Carela. aSanto Domingo :bGrafideas,c1993. a122 :bil. ;c22 cm. aInventariado, 2018/BT 0aPoesía dominicana966 0aLiteratura dominicana.967 aValidado. Control de calidad. MFF 0010718PDaPDbPDcHDd2011-08-17iLF1l0oRD861.44 D542tp33101-10r2020-06-25w2020-06-25yLFPDzPerteneció a la biblioteca personal de Juan Isidro Jimenes GrullónZNo se presta c32592d32592